| 000 | 00586nam a22001577a 4500 | ||
|---|---|---|---|
| 003 | OSt | ||
| 005 | 20151204144956.0 | ||
| 008 | 151204b xxu||||| |||| 00| 0 eng d | ||
| 040 | _cRUA | ||
| 082 | _aFIS SAR 2003 B186 Or.1 | ||
| 100 |
_94290 _aSAR, SARITH. |
||
| 245 | _aProcessing technology of pangasius fillet of lian heng trading co.,ltd, បច្ចេកវិទ្យាកែច្នៃត្រីប្រាហ្វីឡេរបស់ក្រុមហ៊ុន លាន ហេង | ||
| 260 |
_aPhnom Penh _bRUA _c2003 |
||
| 300 |
_a43p. _bill. _c29cm. |
||
| 942 |
_2ddc _cFIS |
||
| 999 |
_c4005 _d4005 |
||